| 000 | 00000nam##2200000za#4500 |
| 001 | 9.622262 |
| 003 | CaOODSP |
| 005 | 20220107134005 |
| 007 | ta |
| 008 | 150406|1993||||xxc||||| f|0| 0 fre|d |
| 020 | |a0-662-98602-4 |
| 040 | |aCaOODSP|bfre |
| 043 | |an-cn--- |
| 086 | 1 |aH72-22/13-1993F |
| 110 | 2 |aCentre national d'information sur la violence dans la famille (Canada) |
| 245 | 10|aViolence familiale et les personnes souffrant d'incapacité mentale / |cPréparé par Miriam Ticoll. |
| 260 | |aOttawa - Ontario : |bSanté et Bien-être social Canada. |c1993. |
| 300 | |a10p. : |bréférences ; |c28 cm. |
| 490 | 1 |aRenseignements du Centre national d'information sur la violence dans la famille |
| 563 | |aCouverture souple |
| 590 | |a93-42|b1993-10-22 |
| 691 | 07|aViolence familiale|2gcpds |
| 691 | 07|aPersonne handicapée|2gcpds |
| 691 | 07|aHandicap intellectuel|2gcpds |
| 720 | 1 |aTicoll, Miriam |
| 776 | 0#|tViolence familiale et les personnes souffrant d'incapacité mentale / |w(CaOODSP)9.602990 |
| 830 | #0|aRenseignements du Centre national d'information sur la violence dans la famille.|w(CaOODSP)9.513100 |